[Event "Jastrzebia Gora Fianchetto op"]
[Site "Jastrzebia Gora"]
[Date "2014.??.??"]
[Round "4"]
[White "Jasinska Kuzia, Lidia"]
[Black "Krawczyk, Zbigniew"]
[Result "1-0"]
[WhiteElo "1626"]
[BlackElo "1684"]
[PlyCount "68"]
[EventDate "2014.08.31"]
[EventType "swiss"]
[EventRounds "9"]
[EventCountry "POL"]
[SourceTitle "CBM 162 Extra"]
[Source "ChessBase"]
[SourceDate "2014.10.17"]
[SourceVersion "1"]
[SourceVersionDate "2014.10.17"]
[SourceQuality "1"]

1. e4 c6 2. d4 d5 3. e5 Bf5 4. f4 h6 5. Nf3 e6 6. Bd3 Bxd3 7. Qxd3 a6 8. 0-0 c5 9. Qb3 Qc7 10. c3 cxd4 11. cxd4 Nc6 12. Nc3 Nge7 13. Be3 Nf5 14. Bf2 Rc8 15. Rac1 b5 16. g4 Nfe7 17. a3 Qb8 18. Qc2 g6 19. Nh4 h5 20. Qe2 hxg4 21. Qxg4 Nf5 22. Nxf5 gxf5 23. Qf3 Ne7 24. Kh1 Ng6 25. Bg3 Be7 26. Ne2 Rxc1 27. Rxc1 Kd7 28. Rc3 Rc8 29. Qh5 Rh8 30. Qf3 Rc8 31. Qd3 Rxc3 32. Qxc3 Qc7 33. Qd2 Qd8 34. Kg2 Qc7 1-0

[Event "Jastrzebia Gora Fianchetto op"]
[Site "Jastrzebia Gora"]
[Date "2014.??.??"]
[Round "9"]
[White "Ostrowski, Michal"]
[Black "Jasinska Kuzia, Lidia"]
[Result "0-1"]
[WhiteElo "1396"]
[BlackElo "1626"]
[PlyCount "56"]
[EventDate "2014.08.31"]
[EventType "swiss"]
[EventRounds "9"]
[EventCountry "POL"]
[SourceTitle "CBM 162 Extra"]
[Source "ChessBase"]
[SourceDate "2014.10.17"]
[SourceVersion "1"]
[SourceVersionDate "2014.10.17"]
[SourceQuality "1"]

1. Nc3 d5 2. e4 d4 3. Nce2 e5 4. Nf3 Nc6 5. Ng3 Be6 6. Bb5 Bd6 7. 0-0 Nge7 8. Re1 a6 9. Bf1 0-0 10. d3 Bb4 11. Bd2 Bd6 12. a3 h6 13. Qc1 Ng6 14. h3 f5 15. exf5 Bxf5 16. Nxf5 Rxf5 17. Re4 Qf6 18. Qe1 Rf8 19. Be2 Qd8 20. Rb1 Nce7 21. c3 c5 22. Qd1 Nd5 23. Qb3 Bc7 24. Qxb7 Ngf4 25. Bxf4 Nxf4 26. Qxa6 Nxe2+ 27. Rxe2 Qd6 28. Nd2 Qxa6 0-1

[Event "Rowy op 09"]
[Site "Rowy"]
[Date "2012.09.??"]
[Round "7"]
[White "Kubin, Aleksander"]
[Black "Jasinska Kuzia, Lidia"]
[Result "1-0"]
[WhiteElo "1891"]
[BlackElo "1670"]
[PlyCount "57"]
[EventDate "2012.09.??"]
[EventType "swiss"]
[EventRounds "9"]
[EventCountry "POL"]
[SourceTitle "EXT 2014"]
[Source "ChessBase"]
[SourceDate "2013.11.20"]
[SourceVersion "1"]
[SourceVersionDate "2013.11.20"]
[SourceQuality "1"]

1. e4 c5 2. Nc3 Nc6 3. f4 e6 4. Nf3 Be7 5. Bc4 Na5 6. d3 Nxc4 7. dxc4 a6 8. a4 d6 9. 0-0 Nf6 10. e5 dxe5 11. Qxd8+ Bxd8 12. fxe5 Nd7 13. Be3 Bc7 14. Bf4 f6 15. Rae1 0-0 16. Bg3 Ba5 17. Re3 b5 18. axb5 Bxc3 19. Rxc3 axb5 20. cxb5 Ra5 21. exf6 Rxf6 22. Rb3 c4 23. Rb4 Nb6 24. Bc7 Rxb5 25. Rxb5 Nd5 26. Be5 Rf8 27. Rb8 Ne3 28. Rf2 Rd8 29. h3 1-0

[Event "Rowy op 09"]
[Site "Rowy"]
[Date "2012.09.??"]
[Round "5"]
[White "Relidzynski, Tadeusz"]
[Black "Jasinska Kuzia, Lidia"]
[Result "1-0"]
[WhiteElo "1913"]
[BlackElo "1670"]
[PlyCount "44"]
[EventDate "2012.09.??"]
[EventType "swiss"]
[EventRounds "9"]
[EventCountry "POL"]
[SourceTitle "EXT 2014"]
[Source "ChessBase"]
[SourceDate "2013.11.20"]
[SourceVersion "1"]
[SourceVersionDate "2013.11.20"]
[SourceQuality "1"]

1. e4 c5 2. Nf3 Nc6 3. d4 cxd4 4. Nxd4 e6 5. Nc3 Bb4 6. Ndb5 Bxc3+ 7. Nxc3 Nge7 8. Bd3 0-0 9. 0-0 Nb4 10. Bc4 b6 11. a3 Ba6 12. Bxa6 Nxa6 13. Bf4 Ng6 14. Bd6 Re8 15. e5 Rc8 16. Nb5 Rc4 17. Qd3 Qh4 18. b3 Rg4 19. Kh1 Qh5 20. f4 Nc5 21. Bxc5 bxc5 22. Nd6 Rf8 1-0

[Event "POL-ch disabled"]
[Site "Rowy"]
[Date "2009.09.06"]
[Round "8.23"]
[White "Semeniuk, Adam"]
[Black "Jasinska Kuzia, Lidia"]
[Result "1-0"]
[WhiteElo "1963"]
[BlackElo "1724"]
[PlyCount "35"]
[EventDate "2009.09.01"]
[EventType "swiss"]
[EventRounds "9"]
[EventCountry "POL"]
[SourceTitle "EXT 2023"]
[Source "ChessBase"]
[SourceDate "2022.10.05"]
[SourceVersion "1"]
[SourceVersionDate "2022.10.05"]
[SourceQuality "1"]

1. c4 e5 2. Nc3 Nf6 3. g3 d5 4. cxd5 Nxd5 5. Bg2 Be6 6. e3 Nxc3 7. bxc3 c6 8. Ne2 Be7 9. 0-0 Bd5 10. f3 Bc4 11. Re1 Bxe2 12. Qxe2 f6 13. d4 Nd7 14. Rb1 Rb8 15. f4 0-0 16. Rd1 Qa5 17. e4 exf4 18. e5 1-0